000 00523nam a2200193Ia 4500
008 151121s9999||||xx |||||||||||||| ||und||
082 _a629।13/How
082 _bHNW-50995
100 _aHoward-Flanders L।
245 _aGliding And Motorless Flight
260 _b"Isaac Pitman & Sons Ltd, London"
260 _c--
300 _a109
600 _aHoward-Flanders L।
630 _aGliding And Motorless Flight
700 _aHoward-Flanders L।
730 _aGliding And Motorless Flight
942 _cBOOK
999 _c1235479
_d1235476